000 02164nam a2200541 i 4500
001 15257
003 KOSZ 005
005 20200624091504.0
008 200407s1972 pl a f 000 0 pol
015 _aUWD 1973/793
035 _a991032230469705066
035 _a(PL-WaBN)b18651732-48omnis_nlop
035 _ab18651732
035 _a(OCoLC)749307566
035 _a(PL)b0000001865173
035 _a(EXLNZ-48OMNIS_NETWORK)9910081295405606
040 _aWA N
_cWA N
_dKOSZ 005/RW
046 _k1972
080 _a666.97/.98
100 1 _aKowalenko, Witold
_eAutor
245 1 0 _aSztuczne kruszywa lekkie :
_bprodukcja i zastosowanie /
_cWitold Kowalenko, Jarosław Mojsiejenko, Wojciech Roszak ; [rozdział 7 opracował Tadeusz Rogoziński].
260 _aWarszawa :
_b"Arkady",
_c1972.
300 _a282, [1] strony :
_bilustracje ;
_c21 cm.
336 _aTekst
_btxt
_2rdacontent
337 _aBez urządzenia pośredniczącego
_bn
_2rdamedia
338 _aWolumin
_bnc
_2rdacarrier
380 _aKsiążki
380 _aPublikacje fachowe
380 _aPublikacje dydaktyczne
388 _a1901-2000
388 _a1945-1989
504 _aBibliografia przy rozdziałach.
521 8 _aKsiążka jest przeznaczona dla inżynierów i techników zatrudnionych w przemyśle materiałów budowlanych, w biurach projektów i przedsiębiorstwach budowlanych. Może również służyć jako pomoc dla studentów specjalizujących się w technologii materiałów budowlanych.
650 7 _aBeton
_2DBN
650 7 _aTechnologia
650 7 _aKruszywo
_2DBN
650 7 _aProdukcja
650 7 _aZastosowanie i wykorzystanie
658 _aArchitektura i budownictwo
658 _aGospodarka, ekonomia, finanse
700 1 _aMojsiejenko, Jarosław
_d(?-2003)
_eAutor
700 1 _aRogoziński, Tadeusz
_eOpracowanie
700 1 _aRoszak, Wojciech
_d(1929- )
_eAutor
710 2 _aWydawnictwo Arkady
_4pbl
856 _uhttp://koha.tu.koszalin.pl/cgi-bin/koha/opac-detail.pl?biblionumber=15257
_yKatalog online BPK
942 _2UKD
_cKS
999 _c15257
_d15257